Los métodos naturales

Uloženo v:
Podrobná bibliografie
Hlavní autor: Freinet, Celestin (Autor)
Médium: Kniha
Jazyk:španělština
Vydáno: Barcelona Fontanella 1970
Vydání:1a. ed
Edice:Educación, 8
Témata:
Tagy: Přidat tag
Žádné tagy, Buďte první, kdo vytvoří štítek k tomuto záznamu!

MARC

LEADER 00000cam a2200000 a 4500
001 UCG9230
003 CL-VaPUC
008 120302e19700000SP |||||||||||||||||spa|d
082 0 4 |a 372.6  |b FRE  |2 21 
100 0 |a Freinet, Celestin  |e author  |9 312183 
245 1 4 |a Los métodos naturales 
250 |a 1a. ed 
300 |a v 
942 |c BK 
945 |d 20120302 00:00:00  |a dcastane 
260 |a Barcelona  |b Fontanella  |c 1970 
500 |a v.1: El aprendizaje de la lengua 
650 0 |a Escritura  |9 264941 
650 0 |a Enseñanza de la escritura  |9 307377 
650 0 |a Enseñanza de la lectura  |9 308364 
650 0 |a Educación lingüística  |9 306506 
650 0 |a Gramática  |9 270497 
583 |a last modification  |c 20120302 10:37:00  |k Rodrigo Vera 
490 0 |a Educación, 8 
999 |c 346794  |d 346792 
952 |0 0  |1 0  |4 0  |6 372_600000000000000_FRE_1970  |7 0  |8 P  |9 447618  |a BIBEDU  |b BIBEDU  |d 2019-11-22  |h v.1  |i 4837681  |o 372.6 FRE 1970  |p 4837681  |r 2024-01-25  |w 2019-11-22  |y BK  |k EBA